| 000 | 01514nam0a22003011 4500 | ||
|---|---|---|---|
| 001 | rc\2711274 | ||
| 005 | 20250529122859.0 | ||
| 035 | _a(NLR Aleph) 006839204 | ||
| 090 |
_a6627354 _c6627354 |
||
| 100 | _a20110915d1934 |||y0rusy50 ca | ||
| 101 | 0 | _arus | |
| 102 | _aRU | ||
| 105 | _aae j ||||| | ||
| 200 | 1 |
_aКурс физики _eУчебник для высш. педагог. учеб. заведений _eДопущен Наркомпросом РСФСР _fК. А. Путилов, при участии проф. А. И. Бачинского, В. А. Фабриканта, Ю. В. Ходакова и др. |
|
| 210 |
_aМосква _cГос. учеб.-педагог. изд-во _d1934 _g"Образцовая" тип. |
||
| 215 |
_aПереплет, XV, 747 с. _cил. _d27х18 см. |
||
| 300 | _aИл.: Е. А. Лаврова, Д. Ф. Паршин, А. И. Сайчук | ||
| 300 | _aПеред загл.: К. А. Путилов, при участии проф. А. И. Бачинского, В. А. Фабриканта, Ю. В. Ходакова и др. | ||
| 700 | 1 |
_aПутилов _bК.А. _f1900-1966 _gКонстантин Анатольевич |
|
| 702 | 1 |
_aФабрикант _bВ.А. _4570 |
|
| 702 | 1 |
_aБачинский _bА. И. _f1877-1944 _gАлексей Иосифович _3RU\NLR\AUTH\770275602 _4570 |
|
| 702 | 1 |
_aХодаков _bЮ.В. _4570 |
|
| 801 | 0 |
_aRU _bNLR _gpsbo |
|
| 801 | 1 |
_aRU _bELAR _2rusmarc |
|
| 852 |
_aNLR _j34-5/863 |
||
| 942 | _cBOOK | ||
| 980 | _aNB | ||